| 000 | 008250000a22002530004500 | ||
|---|---|---|---|
| 005 | 20191224042157.0 | ||
| 008 | 170206b xxu||||| |||| 00| 0 spa d | ||
| 040 |
_aCO-BoIAVH _cCO-BoIAVH |
||
| 041 | _aspa | ||
| 090 |
_aMM _b00124 |
||
| 110 | 1 |
_aCorporación Colombiana de Investigación Agropecuaria _93881 |
|
| 245 | 1 | 0 |
_aCamu camu: _svisión de cadena para una especie amazónica promisoria |
| 257 | _aColombia | ||
| 264 |
_aColombia _bCorpoica |
||
| 300 |
_bCD-ROM _a1 |
||
| 650 | 1 | 4 |
_aEspecies promisorias _94674 |
| 650 | 1 | 4 |
_aFrutas tropicales _978727 |
| 650 | 1 | 4 |
_aCultivo del camu-camu _978728 |
| 650 | 1 | 4 |
_aAgroindustria _91890 |
| 650 | 1 | 4 |
_aEvaluación de mercados _918793 |
| 650 | 1 | 4 |
_aManejo postcosecha _978730 |
| 710 | 1 |
_aSecretaria Técnica del Convenio Andrés Bello _sSECAB _978731 |
|
| 942 |
_cCD-ROM _2z |
||
| 999 |
_c16500 _d16500 |
||